Statistics for 3-Word Netflix Original Series Hints

Click here to take the quiz!

General Stats

  • This quiz has been taken 18 times
  • The average score is 6 of 15

Answer Stats

HintAnswer% Correct
Elizabeth, Philip, DianaThe Crown
100%
Chess, Addiction, 1950'sThe Queen's Gambit
88%
Hawkins, Eleven, DemogorganStranger Things
65%
Escobar, Colombia, CrimeNarcos
59%
Animated, Puberty, HormonesBig Mouth
53%
Geralt, Nilfgaard, FantasyThe Witcher
47%
Autism, Family, AntarcticaAtypical
41%
Siblings, Powers, HargreevesThe Umbrella Academy
35%
Royalty, Siblings, 1800'sBridgerton
35%
Racial, Tension, UniversityDear White People
29%
Tomlin, Fonda, San DiegoGrace and Frankie
24%
Widow, Support, SecretDead To Me
18%
Baking, Amateur, FailsNailed It!
18%
Groundhog, Loop, GameRussian Doll
18%
Governess, Gothic, HorrorThe Haunting of Bly Manor
12%

Score Distribution

Percentile by Number Answered

Percent of People with Each Score

Your Score History

You have not taken this quiz